Największe miasta w Teksasie (z mapą) - Statystyki

Ogólne statystyki
  • Ten quiz został rozwiązany 137 razy
  • Średni wynik to 7 z 30
Odpowiedzi na mapie
Odpowiedzi zakodowano w zielono-czerwonej skali na mapie do tego quizu, zgodnie z poniższymi procentami.
 
Statystyki odpowiedzi
Populacja Miasto % Poprawnych
1 343 573 Dallas
91%
2 320 268 Houston
85%
978 908 Austin
82%
1 547 253 San Antonio
75%
681 728 El Paso
56%
909 585 Fort Worth
55%
326 586 Corpus Christi
27%
199 371 Amarillo
24%
398 854 Arlington
20%
262 491 Laredo
18%
258 862 Lubbock
18%
139 236 Waco
16%
123 334 Odessa
15%
287 677 Plano
13%
182 781 Brownsville
11%
239 798 Irving
11%
151 666 Killeen
7%
146 038 Midland
7%
151 227 Pasadena
7%
133 372 Round Rock
7%
200 490 Frisco
5%
143 268 McAllen
4%
123 420 Abilene
2%
141 541 Denton
2%
239 928 Garland
2%
122 460 Pearland
2%
139 248 Carrollton
0%
194 543 Grand Prairie
0%
199 177 McKinney
0%
140 937 Mesquite
0%
Nie znaleziono quizów pasujących do podanych kryteriów
Rozkład punktacji
Procent ludzi z każdym wynikiem
Percentyl według liczby udzielonych odpowiedzi
Twoja historia wyników
Nie rozwiązałeś tego quizu